| 000 | 00861amm a2200265 4500 | ||
|---|---|---|---|
| 005 | 20220429145635.0 | ||
| 008 | 150410b xxu||||| |||| 00| 0 spa d | ||
| 041 | _aspa | ||
| 082 | _a466 DC | ||
| 100 |
_aKlastorin, Ted _951829 |
||
| 245 | _aAdministración de proyectos | ||
| 250 | _a5 edición | ||
| 260 |
_aMéxico _bAlfaomega _c2008 |
||
| 300 | _a242 páginas | ||
| 505 | _aEste disco compacto acompaña al libro Administración de proyectos, 658.404/K 63a. | ||
| 650 |
_aADMINISTRACIÓN DE PROYECTOS _963198 |
||
| 650 |
_aSELECCIÓN DE PROYECTOS _97236 |
||
| 650 |
_aPLANEACIÓN DE PROYECTOS _96717 |
||
| 650 |
_aEQUIPOS DE PROYECTOS _932830 |
||
| 650 |
_aCOSTOS DE PROYECTOS _932831 |
||
| 650 |
_aADMINISTRACIÓN DEL RIESGO _93414 |
||
| 650 |
_aADMINISTRACIÓN DE RECURSOS _932832 |
||
| 650 |
_aSUPERVISIÓN DE PROYECTOS _932833 |
||
| 942 | _cCD | ||
| 999 |
_c11555 _d11555 |
||